Towards Understanding the Quran (Record no. 3408)

MARC details
000 -LEADER
fixed length control field 00412nam a22001457a 4500
008 - FIXED-LENGTH DATA ELEMENTS--GENERAL INFORMATION
fixed length control field 250512b |||||||| |||| 00| 0 eng d
020 ## - INTERNATIONAL STANDARD BOOK NUMBER
ISBN 9780860374169
100 ## - MAIN ENTRY--AUTHOR
Author Ishaq Zafar Ansari
245 ## - TITLE STATEMENT
Title Towards Understanding the Quran
260 ## - PUBLICATION, DISTRIBUTION, ETC. (IMPRINT)
Place of publication United Kingdom
Name of publisher The Islamic Foundation
Date of publication 2007
300 ## - COLLATION
Pagination iix, 1028P.
650 ## - TRACINGS
Main Subject Quran - criticism, Interpretation, etc
942 ## - ADDED ENTRY ELEMENTS (KOHA)
Item type Books
050 ## - LIBRARY OF CONGRESS CALL NUMBER
Classification number BP130.4
Item number .T69
Holdings
Source of classification or shelving scheme Not for loan Permanent location Current location Date acquired Accession No. Full call number Barcode. Koha item type
Library of Congress Classification   Samuel Ogbemudia Main Library, University of Abuja Samuel Ogbemudia Main Library, University of Abuja 05/12/2025 2024/63490 BP130.4.T69 2025-1877 Books